[Event "Team Championship (men blitz)"]
[Site "Sochi"]
[Date "2017.10.05"]
[Round "2.2"]
[White "Andreikin, Dmitry"]
[Black "Demidov, Mikhail"]
[Result "1-0"]
[LiveChessVersion "1.4.8"]
[BlackElo "2555"]
[WhiteElo "2787"]

1. d4 {[%clk 0:03:03]} d5 {[%clk 0:03:03]} 2. c4 {[%clk 0:03:04]} c6
{[%clk 0:03:04]} 3. Nf3 {[%clk 0:03:04]} Nf6 {[%clk 0:03:05]} 4. e3
{[%clk 0:03:05]} Bf5 {[%clk 0:03:05]} 5. Nc3 {[%clk 0:03:05]} e6 {[%clk 0:03:06]}
6. Nh4 {[%clk 0:03:06]} Be4 {[%clk 0:03:07]} 7. f3 {[%clk 0:03:06]} Bg6
{[%clk 0:03:09]} 8. Qb3 {[%clk 0:03:07]} Qb6 {[%clk 0:03:09]} 9. Nxg6
{[%clk 0:03:04]} hxg6 {[%clk 0:03:10]} 10. Bd2 {[%clk 0:03:03]} Nbd7
{[%clk 0:03:02]} 11. O-O-O {[%clk 0:03:01]} Qxb3 {[%clk 0:02:27]} 12. axb3
{[%clk 0:03:01]} Bd6 {[%clk 0:02:28]} 13. h3 {[%clk 0:03:02]} O-O
{[%clk 0:02:14]} 14. g4 {[%clk 0:02:56]} Rac8 {[%clk 0:02:06]} 15. Kb1
{[%clk 0:02:56]} a6 {[%clk 0:01:32]} 16. h4 {[%clk 0:02:36]} Rfd8
{[%clk 0:01:22]} 17. Rc1 {[%clk 0:02:34]} dxc4 {[%clk 0:01:07]} 18. bxc4
{[%clk 0:02:30]} c5 {[%clk 0:01:07]} 19. g5 {[%clk 0:02:27]} cxd4
{[%clk 0:01:00]} 20. exd4 {[%clk 0:02:28]} Nh5 {[%clk 0:01:01]} 21. Ne2
{[%clk 0:02:14]} e5 {[%clk 0:00:59]} 22. d5 {[%clk 0:02:08]} b5 {[%clk 0:01:00]}
23. Ba5 {[%clk 0:02:04]} Re8 {[%clk 0:00:55]} 24. Bh3 {[%clk 0:02:02]} f5
{[%clk 0:00:51]} 25. gxf6 {[%clk 0:02:05]} Nhxf6 {[%clk 0:00:53]} 26. cxb5
{[%clk 0:02:01]} axb5 {[%clk 0:00:52]} 27. Rc6 {[%clk 0:01:59]} Bf8
{[%clk 0:00:39]} 28. Rhc1 {[%clk 0:01:57]} Ra8 {[%clk 0:00:40]} 29. Bc7
{[%clk 0:01:54]} Ra4 {[%clk 0:00:35]} 30. Nc3 {[%clk 0:01:52]} Rxh4
{[%clk 0:00:33]} 31. Be6+ {[%clk 0:01:52]} Kh7 {[%clk 0:00:33]} 32. Nxb5
{[%clk 0:01:51]} Rb4 {[%clk 0:00:19]} 33. Rh1+ {[%clk 0:01:48]} Nh5
{[%clk 0:00:20]} 34. Bxd7 {[%clk 0:01:48]} Ra8 {[%clk 0:00:20]} 35. Nc3
{[%clk 0:01:37]} Rb7 {[%clk 0:00:18]} 36. Bg4 {[%clk 0:01:26]} Ba3
{[%clk 0:00:19]} 37. Bb6 {[%clk 0:01:22]} Bb4 {[%clk 0:00:15]} 38. Ne4
{[%clk 0:01:22]} Rab8 {[%clk 0:00:12]} 39. Bc7 {[%clk 0:01:19]} Ra8
{[%clk 0:00:13]} 40. Bxe5 {[%clk 0:01:15]} Rba7 {[%clk 0:00:14]} 41. Kc2
{[%clk 0:01:13]} Bf8 {[%clk 0:00:09]} 42. d6 {[%clk 0:01:12]} Ra5
{[%clk 0:00:09]} 43. f4 {[%clk 0:01:10]} Ra4 {[%clk 0:00:10]} 44. Ng5+
{[%clk 0:01:10]} Kg8 {[%clk 0:00:09]} 45. Be6+ {[%clk 0:01:08]} Kh8
{[%clk 0:00:10]} 46. d7 {[%clk 0:01:07]} Be7 {[%clk 0:00:09]} 47. Rc8+
{[%clk 0:01:08]} 1-0

[Event "Team Championship (men blitz)"]
[Site "Sochi"]
[Date "2017.10.05"]
[Round "2.3"]
[White "Lugovskoy, Maxim"]
[Black "Rublevsky, Sergei"]
[Result "0-1"]
[LiveChessVersion "1.4.8"]
[BlackElo "2643"]
[WhiteElo "2512"]

1. d4 {[%clk 0:03:00]} d5 {[%clk 0:03:03]} 2. Nc3 {[%clk 0:03:01]} Nf6
{[%clk 0:03:04]} 3. Bf4 {[%clk 0:03:02]} c5 {[%clk 0:03:03]} 4. e3
{[%clk 0:03:03]} cxd4 {[%clk 0:03:02]} 5. exd4 {[%clk 0:03:04]} a6
{[%clk 0:03:04]} 6. Bd3 {[%clk 0:03:05]} Nc6 {[%clk 0:03:03]} 7. Nge2
{[%clk 0:03:06]} Bg4 {[%clk 0:03:02]} 8. f3 {[%clk 0:03:02]} Bh5 {[%clk 0:03:03]}
9. g4 {[%clk 0:02:45]} Bg6 {[%clk 0:03:03]} 10. h4 {[%clk 0:02:44]} e6
{[%clk 0:02:56]} 11. a3 {[%clk 0:02:36]} Bd6 {[%clk 0:02:51]} 12. h5
{[%clk 0:02:35]} Bxd3 {[%clk 0:02:50]} 13. Qxd3 {[%clk 0:02:35]} h6
{[%clk 0:02:42]} 14. O-O {[%clk 0:02:15]} Rc8 {[%clk 0:02:33]} 15. b4
{[%clk 0:01:49]} Bxf4 {[%clk 0:02:08]} 16. Nxf4 {[%clk 0:01:52]} Qc7
{[%clk 0:02:07]} 17. Nce2 {[%clk 0:01:51]} O-O {[%clk 0:02:03]} 18. Qd2
{[%clk 0:01:22]} Na7 {[%clk 0:01:47]} 19. c3 {[%clk 0:01:21]} Nb5
{[%clk 0:01:48]} 20. Rac1 {[%clk 0:01:10]} Nxa3 {[%clk 0:01:47]} 21. Nd3
{[%clk 0:00:59]} Nc4 {[%clk 0:01:47]} 22. Qf4 {[%clk 0:00:57]} Qxf4
{[%clk 0:01:47]} 23. Nexf4 {[%clk 0:00:55]} b6 {[%clk 0:01:46]} 24. Kf2
{[%clk 0:00:52]} Nd2 {[%clk 0:01:38]} 25. Rc2 {[%clk 0:00:47]} Nxf1
{[%clk 0:01:38]} 26. Kxf1 {[%clk 0:00:47]} Nd7 {[%clk 0:01:31]} 27. Ke2
{[%clk 0:00:44]} a5 {[%clk 0:01:32]} 28. bxa5 {[%clk 0:00:44]} bxa5
{[%clk 0:01:34]} 29. Ra2 {[%clk 0:00:43]} Rxc3 {[%clk 0:01:31]} 30. Rxa5
{[%clk 0:00:43]} Rc2+ {[%clk 0:01:31]} 31. Ke3 {[%clk 0:00:29]} Nb6
{[%clk 0:01:32]} 32. Ne5 {[%clk 0:00:29]} f6 {[%clk 0:01:28]} 33. Neg6
{[%clk 0:00:30]} Nc4+ {[%clk 0:01:05]} 34. Kd3 {[%clk 0:00:31]} Rd2+
{[%clk 0:00:36]} 35. Kc3 {[%clk 0:00:32]} Nxa5 {[%clk 0:00:37]} 36. Kxd2
{[%clk 0:00:33]} Re8 {[%clk 0:00:37]} 37. Nd3 {[%clk 0:00:32]} Nc6
{[%clk 0:00:35]} 38. Kc3 {[%clk 0:00:18]} Ra8 {[%clk 0:00:32]} 39. Nc5
{[%clk 0:00:13]} Kf7 {[%clk 0:00:33]} 40. f4 {[%clk 0:00:11]} Ra3+
{[%clk 0:00:33]} 41. Kb2 {[%clk 0:00:09]} Rg3 {[%clk 0:00:33]} 42. Nh8+
{[%clk 0:00:07]} Kg8 {[%clk 0:00:32]} 43. Ng6 {[%clk 0:00:08]} Nxd4
{[%clk 0:00:33]} 0-1

[Event "Team Championship (men blitz)"]
[Site "Sochi"]
[Date "2017.10.05"]
[Round "2.4"]
[White "Shirov, Alexei"]
[Black "Krylov, Mikhail"]
[Result "0-1"]
[LiveChessVersion "1.4.8"]
[BlackElo "2494"]
[WhiteElo "2670"]

1. e4 {[%clk 0:03:03]} d5 {[%clk 0:03:03]} 2. exd5 {[%clk 0:03:03]} Nf6
{[%clk 0:03:04]} 3. d4 {[%clk 0:03:04]} Nxd5 {[%clk 0:03:05]} 4. c4
{[%clk 0:03:05]} Nb6 {[%clk 0:03:05]} 5. Nc3 {[%clk 0:03:06]} e5 {[%clk 0:03:06]}
6. Nf3 {[%clk 0:02:54]} exd4 {[%clk 0:02:56]} 7. Qxd4 {[%clk 0:02:44]} Qxd4
{[%clk 0:02:45]} 8. Nxd4 {[%clk 0:02:45]} c6 {[%clk 0:02:46]} 9. Be3
{[%clk 0:02:42]} Be7 {[%clk 0:02:41]} 10. O-O-O {[%clk 0:02:37]} O-O
{[%clk 0:02:40]} 11. Bd3 {[%clk 0:02:36]} Na6 {[%clk 0:02:32]} 12. b3
{[%clk 0:02:34]} Ba3+ {[%clk 0:01:36]} 13. Kb1 {[%clk 0:02:33]} Nb4
{[%clk 0:01:32]} 14. Be4 {[%clk 0:02:29]} Re8 {[%clk 0:01:25]} 15. Rhe1
{[%clk 0:02:23]} Bg4 {[%clk 0:01:26]} 16. f3 {[%clk 0:02:23]} Bh5
{[%clk 0:01:27]} 17. Nf5 {[%clk 0:02:16]} Bg6 {[%clk 0:00:51]} 18. Nd6
{[%clk 0:02:02]} Re7 {[%clk 0:00:51]} 19. Bc5 {[%clk 0:01:59]} Nd7
{[%clk 0:00:19]} 20. Nf5 {[%clk 0:01:23]} Rxe4 {[%clk 0:00:20]} 21. fxe4
{[%clk 0:01:05]} Nxc5 {[%clk 0:00:21]} 22. g4 {[%clk 0:01:04]} Nbd3
{[%clk 0:00:20]} 23. Re3 {[%clk 0:01:05]} Ne5 {[%clk 0:00:21]} 24. h3
{[%clk 0:01:03]} h5 {[%clk 0:00:21]} 25. Ne7+ {[%clk 0:00:58]} Kf8
{[%clk 0:00:21]} 26. Nxg6+ {[%clk 0:00:57]} fxg6 {[%clk 0:00:22]} 27. Ne2
{[%clk 0:00:56]} Ke7 {[%clk 0:00:17]} 28. gxh5 {[%clk 0:00:55]} gxh5
{[%clk 0:00:18]} 29. Rg1 {[%clk 0:00:56]} Ne6 {[%clk 0:00:16]} 30. Rd1
{[%clk 0:00:39]} Rf8 {[%clk 0:00:16]} 31. Ng3 {[%clk 0:00:38]} g6 32. Kc2
{[%clk 0:00:34]} Rf4 {[%clk 0:00:18]} 33. Rf1 {[%clk 0:00:30]} Rh4
{[%clk 0:00:18]} 34. Ne2 {[%clk 0:00:29]} Bc5 {[%clk 0:00:19]} 35. Rg3
{[%clk 0:00:28]} Rxe4 {[%clk 0:00:20]} 36. Nc3 {[%clk 0:00:29]} Nd4+
{[%clk 0:00:20]} 37. Kd1 {[%clk 0:00:27]} Rh4 {[%clk 0:00:20]} 38. Re1
{[%clk 0:00:28]} Bd6 {[%clk 0:00:19]} 39. Rxg6 {[%clk 0:00:24]} Rxh3
{[%clk 0:00:17]} 40. Rg7+ {[%clk 0:00:14]} Kf6 {[%clk 0:00:17]} 41. Ne4+
{[%clk 0:00:15]} 0-1

[Event "Team Championship (men blitz)"]
[Site "Sochi"]
[Date "2017.10.05"]
[Round "2.5"]
[White "Dubov, Daniil"]
[Black "Alekseenko, Kirill"]
[Result "1-0"]
[LiveChessVersion "1.4.8"]
[BlackElo "2586"]
[WhiteElo "2775"]

1. d4 {[%clk 0:03:02]} d5 {[%clk 0:03:02]} 2. Bf4 {[%clk 0:03:02]} Nf6
{[%clk 0:03:01]} 3. e3 {[%clk 0:03:04]} e6 {[%clk 0:02:57]} 4. Nf3
{[%clk 0:03:04]} c5 {[%clk 0:02:58]} 5. c3 {[%clk 0:03:05]} Nc6 {[%clk 0:02:59]}
6. Nbd2 {[%clk 0:03:06]} Bd6 {[%clk 0:03:00]} 7. Bg3 {[%clk 0:03:08]} O-O
{[%clk 0:03:01]} 8. Bb5 {[%clk 0:03:09]} Be7 {[%clk 0:03:02]} 9. Bd3
{[%clk 0:02:49]} Nh5 {[%clk 0:03:02]} 10. Ne5 {[%clk 0:02:45]} g6
{[%clk 0:02:46]} 11. Nxc6 {[%clk 0:02:45]} bxc6 {[%clk 0:02:47]} 12. O-O
{[%clk 0:02:45]} Nxg3 {[%clk 0:02:40]} 13. hxg3 {[%clk 0:02:46]} cxd4
{[%clk 0:02:29]} 14. cxd4 {[%clk 0:02:45]} c5 {[%clk 0:02:30]} 15. dxc5
{[%clk 0:02:46]} Bxc5 {[%clk 0:02:30]} 16. Rc1 {[%clk 0:02:47]} Be7
{[%clk 0:02:28]} 17. Nf3 {[%clk 0:02:39]} Qb6 {[%clk 0:02:21]} 18. Qa4
{[%clk 0:02:17]} Qxb2 {[%clk 0:02:00]} 19. Rb1 {[%clk 0:01:19]} Qc3
{[%clk 0:02:01]} 20. Bb5 {[%clk 0:01:18]} a6 {[%clk 0:01:34]} 21. Bc6
{[%clk 0:01:16]} Ra7 {[%clk 0:01:33]} 22. Rfc1 {[%clk 0:01:12]} Qa3
{[%clk 0:01:30]} 23. Qf4 {[%clk 0:00:50]} Qd6 {[%clk 0:01:28]} 24. Ba4
{[%clk 0:00:50]} Qxf4 {[%clk 0:01:17]} 25. gxf4 {[%clk 0:00:51]} Bd7
{[%clk 0:01:11]} 26. Bxd7 {[%clk 0:00:49]} Rxd7 {[%clk 0:01:12]} 27. Ne5
{[%clk 0:00:42]} Rd6 {[%clk 0:01:13]} 28. Rb7 {[%clk 0:00:43]} Bd8
{[%clk 0:00:42]} 29. Rc8 {[%clk 0:00:43]} a5 {[%clk 0:00:29]} 30. Nd7
{[%clk 0:00:24]} d4 {[%clk 0:00:17]} 31. exd4 {[%clk 0:00:12]} Rxd4
{[%clk 0:00:13]} 32. Nxf8 {[%clk 0:00:11]} Kxf8 {[%clk 0:00:14]} 33. Ra8
{[%clk 0:00:06]} Kg7 {[%clk 0:00:10]} 34. g3 {[%clk 0:00:06]} Rd5
{[%clk 0:00:11]} 35. Raa7 {[%clk 0:00:07]} Rf5 {[%clk 0:00:13]} 36. a4
{[%clk 0:00:07]} h5 {[%clk 0:00:12]} 37. Rb5 {[%clk 0:00:07]} Kf6
{[%clk 0:00:06]} 38. Rd7 {[%clk 0:00:08]} Be7 {[%clk 0:00:05]} 39. Kg2
{[%clk 0:00:08]} Bb4 {[%clk 0:00:07]} 40. Kf3 {[%clk 0:00:07]} Kg7
{[%clk 0:00:08]} 41. Rdb7 {[%clk 0:00:05]} Kf6 {[%clk 0:00:08]} 42. Ke4
{[%clk 0:00:06]} Kg7 {[%clk 0:00:09]} 43. f3 {[%clk 0:00:07]} Kf6
{[%clk 0:00:06]} 44. g4 {[%clk 0:00:08]} Rc5 {[%clk 0:00:07]} 45. Rxc5
{[%clk 0:00:05]} Bxc5 {[%clk 0:00:08]} 46. Rb5 {[%clk 0:00:06]} Bb4
{[%clk 0:00:07]} 47. gxh5 {[%clk 0:00:07]} gxh5 {[%clk 0:00:08]} 48. Rxh5
{[%clk 0:00:08]} Kg6 {[%clk 0:00:09]} 49. Rg5+ {[%clk 0:00:08]} Kf6
{[%clk 0:00:10]} 50. Rh5 {[%clk 0:00:09]} Kg6 {[%clk 0:00:12]} 51. Rb5
{[%clk 0:00:10]} Be1 {[%clk 0:00:11]} 52. f5+ {[%clk 0:00:11]} Kf6
{[%clk 0:00:11]} 53. Rb6 {[%clk 0:00:11]} Ke7 {[%clk 0:00:10]} 54. fxe6
{[%clk 0:00:12]} fxe6 {[%clk 0:00:11]} 55. Kd3 {[%clk 0:00:12]} Kf6
{[%clk 0:00:11]} 56. Rb5 {[%clk 0:00:13]} Kg6 {[%clk 0:00:11]} 57. Re5
{[%clk 0:00:13]} Bb4 {[%clk 0:00:07]} 58. Rxe6+ {[%clk 0:00:14]} Kf5
{[%clk 0:00:09]} 59. Re4 {[%clk 0:00:15]} Kxe4+ 60. Kxe4 1-0

[Event "Team Championship (men blitz)"]
[Site "Sochi"]
[Date "2017.10.05"]
[Round "2.6"]
[White "Alekseev, Evgeny"]
[Black "Morozevich, Alexander"]
[Result "1-0"]
[LiveChessVersion "1.4.8"]
[BlackElo "2642"]
[WhiteElo "2636"]

1. e4 {[%clk 0:03:02]} c5 {[%clk 0:03:03]} 2. Nf3 {[%clk 0:03:03]} e6
{[%clk 0:03:04]} 3. d4 {[%clk 0:03:05]} cxd4 {[%clk 0:03:05]} 4. Nxd4
{[%clk 0:03:05]} Nc6 {[%clk 0:03:06]} 5. Nc3 {[%clk 0:03:06]} Qc7
{[%clk 0:03:07]} 6. g3 {[%clk 0:03:07]} a6 {[%clk 0:03:07]} 7. Bg2
{[%clk 0:03:08]} Bc5 {[%clk 0:03:08]} 8. Nb3 {[%clk 0:02:51]} Be7
{[%clk 0:03:09]} 9. O-O {[%clk 0:02:46]} d6 {[%clk 0:03:10]} 10. f4
{[%clk 0:02:42]} b5 {[%clk 0:03:10]} 11. a3 {[%clk 0:02:43]} Nf6 {[%clk 0:03:11]}
12. Be3 {[%clk 0:02:43]} O-O {[%clk 0:03:11]} 13. g4 {[%clk 0:02:44]} Nd7
{[%clk 0:03:09]} 14. Qe2 {[%clk 0:02:31]} Nb6 {[%clk 0:02:44]} 15. Rad1
{[%clk 0:02:32]} Nc4 {[%clk 0:02:46]} 16. Bc1 {[%clk 0:02:33]} Bb7
{[%clk 0:02:44]} 17. g5 {[%clk 0:02:33]} Rfe8 {[%clk 0:02:39]} 18. Rf3
{[%clk 0:02:31]} Bf8 {[%clk 0:02:38]} 19. Rh3 {[%clk 0:02:31]} g6
{[%clk 0:02:39]} 20. Qe1 {[%clk 0:02:26]} Qe7 {[%clk 0:02:23]} 21. Kh1
{[%clk 0:02:12]} Bg7 {[%clk 0:02:15]} 22. Qf2 {[%clk 0:01:53]} Rac8
{[%clk 0:01:22]} 23. Rf1 {[%clk 0:01:52]} Nb8 {[%clk 0:01:15]} 24. Nd4
{[%clk 0:01:35]} Nd7 {[%clk 0:00:51]} 25. Nde2 {[%clk 0:01:25]} f5
{[%clk 0:00:44]} 26. gxf6 {[%clk 0:01:11]} Nxf6 {[%clk 0:00:45]} 27. Qh4
{[%clk 0:01:06]} Nh5 {[%clk 0:00:42]} 28. Qg4 {[%clk 0:01:06]} Rf8
{[%clk 0:00:34]} 29. b3 {[%clk 0:00:59]} Nb6 {[%clk 0:00:33]} 30. f5
{[%clk 0:00:47]} Nf6 {[%clk 0:00:34]} 31. Qg3 {[%clk 0:00:43]} gxf5
{[%clk 0:00:20]} 32. exf5 {[%clk 0:00:43]} e5 {[%clk 0:00:21]} 33. Rg1
{[%clk 0:00:35]} Rf7 {[%clk 0:00:21]} 34. Bg5 {[%clk 0:00:35]} Kh8
{[%clk 0:00:17]} 35. Qh4 {[%clk 0:00:36]} d5 {[%clk 0:00:15]} 36. Rg3
{[%clk 0:00:19]} Qd6 {[%clk 0:00:10]} 37. Rh3 {[%clk 0:00:19]} Rg8
{[%clk 0:00:09]} 38. Ng3 {[%clk 0:00:19]} Nbd7 {[%clk 0:00:10]} 39. Rd1
{[%clk 0:00:17]} Qxa3 {[%clk 0:00:06]} 40. Nxd5 {[%clk 0:00:16]} Qc5
{[%clk 0:00:06]} 41. Ne4 {[%clk 0:00:13]} Qxc2 {[%clk 0:00:06]} 42. Bf3
{[%clk 0:00:10]} Bxd5 {[%clk 0:00:06]} 43. Rxd5 {[%clk 0:00:11]} Qxb3
{[%clk 0:00:05]} 44. Rd1 {[%clk 0:00:09]} Qc2 {[%clk 0:00:04]} 45. Rg1
{[%clk 0:00:09]} Qc7 {[%clk 0:00:04]} 46. Bxf6 {[%clk 0:00:09]} Nxf6 47. Ng5
{[%clk 0:00:10]} Bf8 {[%clk 0:00:05]} 48. Nxf7+ {[%clk 0:00:08]} Rxg1+
{[%clk 0:00:06]} 1-0

[Event "Team Championship (men blitz)"]
[Site "Sochi"]
[Date "2017.10.05"]
[Round "2.7"]
[White "Savchenko, Boris"]
[Black "Levin, Evgeny A."]
[Result "0-1"]
[LiveChessVersion "1.4.8"]
[BlackElo "2546"]
[WhiteElo "2630"]

1. e4 {[%clk 0:03:03]} d5 {[%clk 0:03:04]} 2. exd5 {[%clk 0:03:04]} Qxd5
{[%clk 0:03:05]} 3. Nc3 {[%clk 0:03:05]} Qd8 {[%clk 0:03:06]} 4. Bc4
{[%clk 0:03:02]} c6 {[%clk 0:03:07]} 5. d4 {[%clk 0:03:02]} Bf5 {[%clk 0:03:08]}
6. Nf3 {[%clk 0:02:58]} e6 {[%clk 0:03:09]} 7. Qe2 {[%clk 0:02:59]} Nd7
{[%clk 0:03:09]} 8. Bf4 {[%clk 0:02:57]} Bb4 {[%clk 0:02:53]} 9. a3
{[%clk 0:02:58]} Be7 {[%clk 0:02:53]} 10. h3 {[%clk 0:02:47]} Ngf6
{[%clk 0:02:53]} 11. O-O-O {[%clk 0:02:43]} b5 {[%clk 0:02:40]} 12. Bb3
{[%clk 0:02:37]} b4 {[%clk 0:02:26]} 13. axb4 {[%clk 0:02:33]} Bxb4
{[%clk 0:02:27]} 14. g4 {[%clk 0:02:26]} Bg6 {[%clk 0:02:26]} 15. d5
{[%clk 0:02:25]} cxd5 {[%clk 0:02:14]} 16. Nxd5 {[%clk 0:02:26]} Nxd5
{[%clk 0:02:13]} 17. Bxd5 {[%clk 0:02:23]} Rc8 {[%clk 0:02:11]} 18. Be4
{[%clk 0:02:14]} Qa5 {[%clk 0:02:00]} 19. Kb1 {[%clk 0:02:13]} Bxe4
{[%clk 0:01:46]} 20. Qxe4 {[%clk 0:02:13]} Nf6 {[%clk 0:01:45]} 21. Qe5
{[%clk 0:01:53]} Nd5 {[%clk 0:01:35]} 22. Rd3 {[%clk 0:00:48]} O-O
{[%clk 0:01:33]} 23. Rhd1 {[%clk 0:00:43]} Rc4 {[%clk 0:01:26]} 24. Nd4
{[%clk 0:00:27]} Nxf4 {[%clk 0:01:07]} 25. Qxf4 {[%clk 0:00:27]} e5
{[%clk 0:01:08]} 26. Qe4 {[%clk 0:00:13]} Rxd4 {[%clk 0:01:06]} 27. Rxd4
{[%clk 0:00:14]} exd4 {[%clk 0:01:07]} 28. Rxd4 {[%clk 0:00:15]} Bc5
{[%clk 0:00:59]} 29. Rd5 {[%clk 0:00:16]} Qb6 {[%clk 0:00:58]} 30. f4
{[%clk 0:00:17]} Rb8 {[%clk 0:00:52]} 31. b3 {[%clk 0:00:19]} Bf8
{[%clk 0:00:51]} 32. Rd7 {[%clk 0:00:20]} Qg1+ {[%clk 0:00:41]} 33. Kb2
{[%clk 0:00:21]} Qc5 {[%clk 0:00:39]} 34. Qa4 {[%clk 0:00:18]} Rc8
{[%clk 0:00:38]} 35. b4 {[%clk 0:00:11]} Qc3+ {[%clk 0:00:38]} 36. Kb1
{[%clk 0:00:13]} Qxb4+ {[%clk 0:00:21]} 37. Qxb4 {[%clk 0:00:14]} Bxb4
{[%clk 0:00:22]} 38. Rxa7 {[%clk 0:00:15]} Bf8 {[%clk 0:00:22]} 39. Kb2
{[%clk 0:00:14]} Rc4 {[%clk 0:00:23]} 40. f5 {[%clk 0:00:15]} g6 {[%clk 0:00:21]}
41. fxg6 {[%clk 0:00:15]} hxg6 {[%clk 0:00:22]} 42. Rd7 {[%clk 0:00:16]} Bg7+
{[%clk 0:00:22]} 43. Kc1 {[%clk 0:00:17]} Be5 {[%clk 0:00:21]} 44. Rd5
{[%clk 0:00:17]} Bf6 {[%clk 0:00:21]} 45. Rd3 {[%clk 0:00:16]} Rc3
{[%clk 0:00:20]} 46. Kd2 {[%clk 0:00:15]} Rxd3+ 47. Kxd3 {[%clk 0:00:15]} Kf8
{[%clk 0:00:21]} 48. Ke4 {[%clk 0:00:17]} Ke7 {[%clk 0:00:22]} 49. Kd5
{[%clk 0:00:17]} Bc3 {[%clk 0:00:21]} 50. Kc4 {[%clk 0:00:19]} Be1
{[%clk 0:00:22]} 51. Kd5 {[%clk 0:00:20]} Kf6 {[%clk 0:00:23]} 52. c4
{[%clk 0:00:21]} Kg5 {[%clk 0:00:24]} 53. c5 {[%clk 0:00:21]} Bg3
{[%clk 0:00:25]} 54. Kd4 0-1

[Event "Team Championship (men blitz)"]
[Site "Sochi"]
[Date "2017.10.05"]
[Round "2.8"]
[White "Usmanov, Vasily"]
[Black "Bocharov, Dmitry"]
[Result "1-0"]
[LiveChessVersion "1.4.8"]
[BlackElo "2653"]
[WhiteElo "2441"]

1. d4 {[%clk 0:03:03]} Nf6 {[%clk 0:03:03]} 2. c4 {[%clk 0:03:03]} e6
{[%clk 0:03:04]} 3. Nc3 {[%clk 0:03:04]} Bb4 {[%clk 0:03:04]} 4. e3
{[%clk 0:03:05]} O-O {[%clk 0:03:03]} 5. Nge2 {[%clk 0:03:06]} Re8
{[%clk 0:03:03]} 6. a3 {[%clk 0:03:04]} Bf8 {[%clk 0:03:03]} 7. Ng3
{[%clk 0:02:37]} d5 {[%clk 0:03:02]} 8. Bd3 {[%clk 0:02:38]} c5 {[%clk 0:02:53]}
9. dxc5 {[%clk 0:02:38]} Bxc5 {[%clk 0:02:49]} 10. b4 {[%clk 0:02:37]} Bf8
{[%clk 0:02:49]} 11. Bb2 {[%clk 0:02:37]} a5 {[%clk 0:02:48]} 12. bxa5
{[%clk 0:02:33]} Qxa5 {[%clk 0:02:39]} 13. O-O {[%clk 0:02:32]} Nc6
{[%clk 0:02:39]} 14. cxd5 {[%clk 0:02:31]} exd5 {[%clk 0:02:40]} 15. Nh5
{[%clk 0:02:22]} Ne4 {[%clk 0:01:51]} 16. Nxe4 {[%clk 0:02:06]} dxe4
{[%clk 0:01:49]} 17. Bc4 {[%clk 0:02:07]} Qg5 {[%clk 0:01:42]} 18. Qd5
{[%clk 0:01:51]} Qxd5 {[%clk 0:01:08]} 19. Bxd5 {[%clk 0:01:51]} Ra5
{[%clk 0:01:06]} 20. Nf4 {[%clk 0:01:33]} Ne5 {[%clk 0:01:03]} 21. Rfc1
{[%clk 0:01:00]} Nd3 {[%clk 0:00:53]} 22. Rc7 {[%clk 0:00:32]} Rxd5
{[%clk 0:00:49]} 23. Nxd5 {[%clk 0:00:32]} Nxb2 {[%clk 0:00:50]} 24. Nb6
{[%clk 0:00:33]} Be6 {[%clk 0:00:44]} 25. Rxb7 {[%clk 0:00:34]} f5
{[%clk 0:00:40]} 26. a4 {[%clk 0:00:34]} f4 {[%clk 0:00:38]} 27. a5
{[%clk 0:00:34]} fxe3 {[%clk 0:00:39]} 28. fxe3 {[%clk 0:00:35]} Bc5
{[%clk 0:00:39]} 29. a6 {[%clk 0:00:36]} Bxe3+ {[%clk 0:00:40]} 30. Kh1
{[%clk 0:00:37]} Nd3 {[%clk 0:00:41]} 31. a7 {[%clk 0:00:33]} Nf2+
{[%clk 0:00:19]} 32. Kg1 {[%clk 0:00:34]} Rf8 {[%clk 0:00:20]} 33. h3
{[%clk 0:00:19]} Nxh3+ {[%clk 0:00:09]} 34. Kh2 {[%clk 0:00:12]} Bf4+
{[%clk 0:00:05]} 35. g3 {[%clk 0:00:14]} Be5 {[%clk 0:00:03]} 36. a8=Q
{[%clk 0:00:14]} Bxa1 {[%clk 0:00:04]} 37. Rb8 {[%clk 0:00:08]} Rxb8
{[%clk 0:00:04]} 38. Qxb8+ {[%clk 0:00:10]} Kf7 {[%clk 0:00:05]} 39. Qa7+
{[%clk 0:00:10]} Kg6 {[%clk 0:00:06]} 40. Qxa1 {[%clk 0:00:10]} Ng5
{[%clk 0:00:07]} 41. Kg1 {[%clk 0:00:05]} e3 {[%clk 0:00:08]} 42. Na4
{[%clk 0:00:03]} Nf3+ {[%clk 0:00:05]} 43. Kg2 {[%clk 0:00:04]} Bd5
{[%clk 0:00:07]} 44. Nc3 {[%clk 0:00:05]} Bc6 {[%clk 0:00:08]} 45. g4
{[%clk 0:00:07]} Kg5 {[%clk 0:00:04]} 46. Kg3 {[%clk 0:00:08]} Nd4
{[%clk 0:00:03]} 47. Qa5+ {[%clk 0:00:09]} Kf6 {[%clk 0:00:04]} 48. Qc5
{[%clk 0:00:08]} 1-0

[Event "Team Championship (men blitz)"]
[Site "Sochi"]
[Date "2017.10.05"]
[Round "2.9"]
[White "Moskalenko, Alexander"]
[Black "Artemiev, Vladislav"]
[Result "0-1"]
[LiveChessVersion "1.4.8"]
[BlackElo "2729"]
[WhiteElo "2580"]

1. Nf3 {[%clk 0:03:01]} d5 {[%clk 0:03:02]} 2. d4 {[%clk 0:03:02]} Bf5
{[%clk 0:03:03]} 3. Bf4 {[%clk 0:02:52]} e6 {[%clk 0:03:03]} 4. e3
{[%clk 0:02:53]} Bd6 {[%clk 0:03:04]} 5. Bg3 {[%clk 0:02:47]} Nf6
{[%clk 0:03:04]} 6. c4 {[%clk 0:02:37]} O-O {[%clk 0:02:48]} 7. Nc3
{[%clk 0:02:36]} c6 {[%clk 0:02:36]} 8. Be2 {[%clk 0:02:22]} Bxg3
{[%clk 0:02:33]} 9. hxg3 {[%clk 0:02:22]} Nbd7 {[%clk 0:02:31]} 10. Qb3
{[%clk 0:02:10]} Rb8 {[%clk 0:02:30]} 11. Rc1 {[%clk 0:01:52]} Qe7
{[%clk 0:02:31]} 12. Nh4 {[%clk 0:01:43]} Be4 {[%clk 0:02:28]} 13. Nf3
{[%clk 0:01:44]} Rfd8 {[%clk 0:02:22]} 14. O-O {[%clk 0:01:40]} h6
{[%clk 0:02:13]} 15. Rfd1 {[%clk 0:01:13]} Bf5 {[%clk 0:02:13]} 16. a3
{[%clk 0:01:05]} Bg4 {[%clk 0:02:11]} 17. Nd2 {[%clk 0:00:58]} h5
{[%clk 0:01:56]} 18. Re1 {[%clk 0:00:47]} Bf5 {[%clk 0:01:31]} 19. Bf1
{[%clk 0:00:40]} Ng4 {[%clk 0:01:29]} 20. Nf3 {[%clk 0:00:39]} Ndf6
{[%clk 0:01:29]} 21. Qb4 {[%clk 0:00:33]} Qc7 {[%clk 0:01:26]} 22. Qa4
{[%clk 0:00:19]} a6 {[%clk 0:01:26]} 23. Qd1 {[%clk 0:00:16]} a5 {[%clk 0:01:11]}
24. Bd3 {[%clk 0:00:10]} dxc4 {[%clk 0:01:02]} 25. Bxc4 {[%clk 0:00:08]} b5
{[%clk 0:01:04]} 26. Bd3 {[%clk 0:00:08]} b4 {[%clk 0:01:05]} 27. axb4
{[%clk 0:00:08]} axb4 {[%clk 0:01:06]} 28. Bxf5 {[%clk 0:00:07]} bxc3
{[%clk 0:01:05]} 29. Bxg4 {[%clk 0:00:08]} hxg4 {[%clk 0:01:06]} 30. Ne5
{[%clk 0:00:10]} cxb2 {[%clk 0:01:07]} 31. Rb1 {[%clk 0:00:09]} Qxe5
{[%clk 0:00:47]} 32. dxe5 {[%clk 0:00:10]} Rxd1 {[%clk 0:00:48]} 33. Rexd1
{[%clk 0:00:12]} Ne4 {[%clk 0:00:50]} 34. Rd3 {[%clk 0:00:07]} c5
{[%clk 0:00:51]} 35. f3 {[%clk 0:00:06]} c4 {[%clk 0:00:52]} 36. Ra3
{[%clk 0:00:00]} c3 {[%clk 0:00:52]} 37. fxe4 {[%clk 0:00:00]} c2
{[%clk 0:00:52]} 38. Raa1 0-1